Affordability boost for key workers sincer 2007 (Record no. 83112)
[ view plain ]
| 000 -LEADER | |
|---|---|
| fixed length control field | 01188cad a22002055a 4500 |
| 001 - CONTROL NUMBER | |
| control field | L152838 |
| 008 - FIXED-LENGTH DATA ELEMENTS--GENERAL INFORMATION | |
| fixed length control field | 110505e20110426xxk 000 0 eng d |
| 035 ## - SYSTEM CONTROL NUMBER | |
| System control number | (Sirsi) u152838 |
| 041 0# - LANGUAGE CODE | |
| Language code of text/sound track or separate title | eng |
| 110 2# - MAIN ENTRY--CORPORATE NAME | |
| Corporate name or jurisdiction name as entry element | Halifax |
| 9 (RLIN) | 5942 |
| 245 00 - TITLE STATEMENT | |
| Title | Affordability boost for key workers sincer 2007 |
| Remainder of title | 14 fold increase in towns with affordable homes |
| Medium | [electronic resource] |
| 260 ## - PUBLICATION, DISTRIBUTION, ETC. | |
| Date of publication, distribution, etc. | 2011 |
| 490 ## - SERIES STATEMENT | |
| Series statement | Halifax Press Release |
| Volume/sequential designation | 26 April 2011 |
| 520 ## - SUMMARY, ETC. | |
| Summary, etc. | Housing affordability for key public sector workers (nurses, teachers, police officers, fire fighters and paramedics) has improved since house prices peaked in the third quarter of 2007. In 2011 38% of towns are affordable for key workers compared to just 3% in 2007 based on the house price to average earnings measure. Nelson is the most affordable town whilst areas in London are the least affordable. |
| 590 ## - LOCAL NOTE (RLIN) | |
| Local note | KA NTK |
| 651 #4 - SUBJECT ADDED ENTRY--GEOGRAPHIC NAME | |
| Geographic name | United Kingdom |
| Chronological subdivision | |
| 690 ## - LOCAL SUBJECT ADDED ENTRY--TOPICAL TERM (OCLC, RLIN) | |
| Topical term or geographic name as entry element | PROPERTY-RESIDENTIAL PROPERTY-ACQUISITION AND DISPOSAL OF RESIDENTIAL PROPERTY |
| 856 40 - ELECTRONIC LOCATION AND ACCESS | |
| Uniform Resource Identifier | <a href="https://www.lloydsbankinggroup.com/media/pdfs/halifax/2011/Key_Worker_Housing_Affordability_2011.pdf">https://www.lloydsbankinggroup.com/media/pdfs/halifax/2011/Key_Worker_Housing_Affordability_2011.pdf</a> |
| Public note | View this item free of charge at www.lloydsbankingroup.com |
| 942 ## - ADDED ENTRY ELEMENTS (KOHA) | |
| Suppress in OPAC | 0 |
| Withdrawn status | Lost status | Source of classification or shelving scheme | Damaged status | Not for loan | Home library | Current library | Shelving location | Date acquired | Total Checkouts | Full call number | Barcode | Date last seen | Copy number | Price effective from | Koha item type |
|---|---|---|---|---|---|---|---|---|---|---|---|---|---|---|---|
| Dewey Decimal Classification | Virtual | Virtual | Online | 05/05/2011 | ONLINE PUBLICATION | 152838-2001 | 06/08/2019 | 1 | 06/08/2019 | Journal article |